000 00603nam a2200205Ia 4500
005 20250923145102.0
008 008 250917s9999 xx 000 0 eng d
037 _aTextual
040 _aDSWL
_beng
_cDSWL
041 _aeng
_2eng
084 _aX:276.678'N5, N59
_qDSWL
100 _aGaitskell, Arthur
_9831650
245 0 _aGezira . A story of development in the Sudan
_cby Arthur Gaitskell
260 _aLondon
_bFaber & Faber
_c1959
300 _a158 p.
365 _aINR
_b42
925 _g42
942 _cTEXL
_hX:276.678'N5, N59
999 _c1446905
_d1446905